000 00838cam a2200229 i 4500
005 20251108175342.0
008 250721s2016 JO gr 000 0 ara d
020 _a9789957593681
082 1 4 _a005.8
_bع ر ي
100 1 _aالعريشي، جبريل بن حسن
_eمؤلف.
245 1 0 _aأمن المعلومات /
_cالاستاذ الدكتور جبريل بن حسن العريشي, الدكتور محمد حسن الشلهوب.
250 _aالطبعة الأولى.
264 1 _aعمان :
_bدار المنهجية،
_c2016.
300 _a208 صفحة.
650 1 7 _aأمن الحاسوب.
650 1 7 _aإدارة الحاسوب.
650 1 7 _aالسرية.
650 1 7 _aالمعلومات.
700 1 _aالشلهوب، محمد حسن
_eمؤلف.
942 _2ddc
_cBK
999 _c132110
_d132110